000 00891cam a22002531 4500
001 34457
003 BD-RjUL
005 20211209052149.0
008 140517s1961 nyua b 000 0 eng
035 _a(BD-RjUL)34551
040 _aDLC
_cODaWU
_dOCoLC
_dBD-RjUL
_beng
041 _aeng
082 _a301.36
_bROP 1961
100 1 _aRossi, Peter H.
_q(Peter Henry),
_d1921-2006.
_9104791
245 1 4 _aThe politics of urban renewal :
_bthe Chicago findings /
_cPeter H. Rossi and Robert A. Dentler. With the assistance of Nelson W. Polsby [and others.
260 _aNew York :
_bFree Press of Glencoe ;
_cc1961
300 _a308 p. :
_billus. ;
_c22 cm.
504 _aIncludes bibliography.
650 0 _aUrban renewal
_zIllinois
_zChicago.
_944098
700 1 _aDentler, Robert A.,
_d1928-2008,
_ejoint author.
_9104792
942 _2ddc
_cBK
999 _c34457
_d34457